00000000nam##2200000za#4500
0019.643175
003CaOODSP
00520210624224040
007cr |||||||||||
008150407|1991||||xxc|||||o    f|0| 0 fre|d
040 |aCaOODSP|bfre
043 |an-cn---
0861 |aCW66-113/1-1990F-PDF
1102 |aService canadien de la faune.
24513|aLe baguage des oiseaux en Amérique du Nord, volume 1 / |h[ressource électronique]|c[Publ. en collab. avec] : U.S. Fish and Wildlife Service.
260 |aOttawa - Ontario : |bEnvironnement Canada. |cMars 1991.
300 |a183p.|bfigure, glossaire, cartes, références, tableaux
500 |a«Remplace l'édition de juillet 1984»--Couverture. Le n° de catalogue (CW66-113/1-1990F) et l'ISBN (0-662-96308-3) de l'édition imprimée ont été copiés dans l'édition électronique.
590 |a14-21-Supp|b2014-12-11
69107|aGestion de l'environnement|2gcpds
69107|aOiseau|2gcpds
69107|aPopulation animale|2gcpds
77508|tNorth American bird banding, volume 1 / |w(CaOODSP)9.699220
85640|ahttp://publications.gc.ca|qPDF|s1.19 Mo|uhttps://publications.gc.ca/collections/collection_2014/ec/CW66-113-1-1990-fra.pdf